| 000 | 00000nam##2200000za#4500 |
| 001 | 9.569987 |
| 003 | CaOODSP |
| 005 | 20210624182028 |
| 007 | cr ||||||||||| |
| 008 | 150406|2001||||xxc|||||o f|0| 0 eng|d |
| 040 | |aCaOODSP|beng |
| 043 | |an-cn--- |
| 086 | 1 |aNH18-1-2/147-2001E-PDF |
| 110 | 2 |aCanada Mortgage and Housing Corporation. |
| 245 | 10|aQuantifying universal design : |h[electronic resource]|ba program for implementation / |cby Gail Finkel ... [et al]. |
| 246 | 1 |iOn title page : |aA report of a workshop, October 13-14, 2001, Winnipeg, Manitoba, Canada |
| 260 | |aOttawa - Ontario : |bCanada Mortgage and Housing Corporation |cDecember 2001. |
| 300 | |a66p.|bglossary |
| 490 | 1 |aResearch report |
| 504 | |aBibliography. |
| 546 | |a(Résumé en français.) |
| 590 | |a11-26-Supp|b2011-11-03 |
| 720 | 1 |aFinkel, Gail |
| 830 | #0|aResearch report (Canada Mortgage and Housing Corporation : Online)|w(CaOODSP)9.506068 |
| 856 | 40|ahttp://publications.gc.ca|qPDF|s422 KB|uhttps://publications.gc.ca/collections/collection_2011/schl-cmhc/nh18-1-2/NH18-1-2-147-2001-eng.pdf |